The teaching of Bible classes ; principles and methods with special reference to classes of young men and boys /

Bibliographic Details
Main Author: See, Edwin Francis, 1861-1906
Other Authors: Murray, William D., 1938-
Format: Book
Language:English
Published: New York [etc.] : Association press, 1914.

MARC

Tag First Indicator Second Indicator Subfields
LEADER 00000cam a2200000 4500
001 in00000039501
005 20151007081759.0
008 791207s1914 nyua b 00010 eng
010 |a  14014213  
035 |a (OCoLC)05772035 
035 |9 AAF6897AM 
040 |a DLC  |c CLE  |d TXA  |d UtOrBLW 
049 |a TXAM  |c [5148] 
090 |a BS600  |b .S4 1914 
092 |a 268  |b S45 
100 1 |a See, Edwin Francis,  |d 1861-1906. 
245 1 4 |a The teaching of Bible classes ;  |b principles and methods with special reference to classes of young men and boys /  |c [by] Edwin F. See, rev. by William D. Murray. 
264 1 |a New York [etc.] :  |b Association press,  |c 1914. 
300 |a xiii, 234 pages :  |b illustrations ;  |c 20 cm. 
336 |a text  |b txt  |2 rdacontent 
337 |a unmediated  |b n  |2 rdamedia 
338 |a volume  |b nc  |2 rdacarrier 
504 |a "References for reading" at each chapter. 
700 1 |a Murray, William D.,  |d 1938- 
999 |a MARS 
999 f f |s 6e5f71af-9864-345e-a528-aff83bfc8d5b  |i ae12b146-69f0-39f3-a580-e6a9e8cf5ed2  |t 0 
952 f f |p ric  |a Texas A&M University  |b Rellis Campus  |c Joint Library Facility  |d Remote Storage  |t 0  |e BS600 .S4 1914  |h Library of Congress classification  |i unmediated -- volume  |m A14800617090 
998 f f |a BS600 .S4 1914  |t 0  |l Remote Storage